000 00904nas a2200289 4500
001 BR0704173
003 BR-BrBNA
005 20231205111058.0
007 ta
008 230509b bl.|||p| |||| 00| 00por d
040 _aBR-BrBNA
_bpor
_cBiblioteca Nacional de Agricultura
041 _a(Pt)
072 _aF04
100 1 _aVital, W.M.
100 1 _aTeixeira, N.T.
100 1 _aShigihara, R.
100 1 _aDias, A.F.M.
245 1 _aAdubação orgânica com biossólido suino com aplicações foliares de biofertilizantes na cultura do tomilho (Thymus vulgaris L.)
650 _aADUBAÇÃO ORGÂNICA
650 _aBIOFERTILIZANTE
650 _aTOMILHO
650 _aPLANTA MEDICINAL
650 _aADUBAÇÃO FOLIAR
773 0 _tEcossistema (Brazil)
_xISSN 0100-4107
_g(Jan-Dec 2002), v. 27(1-2) p. 69-70
_wBR0704173
909 _a202311
_bLúcia
_c55
_dLúcia Elande
942 _2AGRIS
_n0
_cANA
999 _c190525
_d190525